1% & 99% tài năng và Mồ hôi nước mắt

Enregistré dans:
Détails bibliographiques
Auteur principal: John, C. Maxwell
Autres auteurs: Hồng lê
Format: Livre
Publié: Hà Nội Lao động 2015
Édition:Tái bản lần thứ hai
Sujets:
%
Tags: Ajouter un tag
Pas de tags, Soyez le premier à ajouter un tag!
Thư viện lưu trữ: Trung tâm Học liệu Lê Vũ Hùng, Trường Đại học Đồng Tháp
LEADER 00894pam a22002898a 4500
001 00036888
005 20181016161013.0
008 170404s2015 ||||||Viesd
020 # # |c 99000  |a 978 604 65 1660 6 
041 0 # |a Vie 
082 1 4 |a 650.1  |b M458PH 
100 0 # |a John, C. Maxwell 
245 0 0 |a 1% & 99% tài năng và Mồ hôi nước mắt  |c John, C. Maxwell; Hồng Lê (dịch) 
250 # # |a Tái bản lần thứ hai 
260 # # |a Hà Nội  |b Lao động  |c 2015 
300 # # |a 374tr.  |c 20 cm. 
653 # # |a % 
653 # # |a tư duy 
653 # # |a Tài năng 
653 # # |a Thành công 
653 # # |a Lao động 
653 # # |a Nước mắt 
700 1 # |a Hồng lê 
852 # # |j KD.0019747 
852 # # |b Kho đọc  |j KD.0019747 
910 |d 04/04/2017 
980 # # |a Trung tâm Học liệu Lê Vũ Hùng, Trường Đại học Đồng Tháp